[Event "GRE-chT 45th"]
[Site "Achaia"]
[Date "2017.07.08"]
[Round "7.11"]
[White "Simitzoglou, Panos"]
[Black "Dimanoudis, Petros"]
[Result "0-1"]
[WhiteElo "1499"]
[BlackElo "1153"]
[PlyCount "86"]
[EventDate "2017.07.03"]
[EventType "team-swiss"]
[EventRounds "7"]
[EventCountry "GRE"]
[SourceTitle "CBM 179 Extra"]
[Source "ChessBase"]
[SourceDate "2017.08.23"]
[SourceVersion "1"]
[SourceVersionDate "2017.08.23"]
[SourceQuality "1"]
[WhiteTeam "Three Stars 89"]
[BlackTeam "Rhodes Knight"]
[WhiteTeamCountry "GRE"]
[BlackTeamCountry "GRE"]

1. c4 e5 2. Nc3 Nc6 3. g3 f5 4. d3 Nf6 5. Bg2 Bb4 6. a3 Bxc3+ 7. bxc3 d6 8. e3 0-0 9. Ne2 Qe8 10. a4 Qh5 11. Ba3 f4 12. gxf4 Bh3 13. Bxh3 Qxh3 14. Kd2 Ng4 15. Qg1 e4 16. d4 Na5 17. Kc2 Nxc4 18. Ng3 h5 19. Bc1 d5 20. Qf1 Qxf1 21. Rxf1 h4 22. Ne2 Nxh2 23. Rh1 Ng4 24. Rxh4 Nxf2 25. Bd2 Kf7 26. Rf1 Nd3 27. Bc1 Nxc1 28. Rxc1 Nxe3+ 29. Kb3 Nc4 30. Rg4 a5 31. Rcg1 Rg8 32. Rg6 c6 33. f5 Ra6 34. Nf4 Rb6+ 35. Ka2 Rb2+ 36. Ka1 Rf2 37. Nh5 Rxf5 38. Rxg7+ Rxg7 39. Rxg7+ Kf8 40. Rh7 Kg8 41. Rh6 Kf7 42. Ng3 Rf3 43. Rh3 e3 0-1

[Event "GRE-ch U12"]
[Site "Achaia"]
[Date "2017.07.02"]
[Round "9"]
[White "Simitzoglou, Panos"]
[Black "Papidakis, Georgios"]
[Result "1/2-1/2"]
[WhiteElo "1445"]
[BlackElo "1635"]
[PlyCount "55"]
[EventDate "2017.06.26"]
[EventType "swiss"]
[EventRounds "9"]
[EventCountry "GRE"]
[SourceTitle "EXT 2018"]
[Source "ChessBase"]
[SourceDate "2017.10.13"]
[SourceVersion "1"]
[SourceVersionDate "2017.10.13"]
[SourceQuality "1"]

1. c4 Nf6 2. Nc3 e6 3. g3 d5 4. cxd5 exd5 5. d4 c6 6. Bg2 Be7 7. Nf3 Bg4 8. h3 Bh5 9. 0-0 0-0 10. Ne5 Nbd7 11. Nd3 Re8 12. Nf4 Bg6 13. Nxg6 hxg6 14. Bf4 Nf8 15. Qd2 Bd6 16. Bg5 Ne6 17. Bxf6 Qxf6 18. e3 g5 19. Rad1 g6 20. e4 dxe4 21. Nxe4 Qe7 22. Nxd6 Qxd6 23. d5 cxd5 24. Qxd5 Qxd5 25. Bxd5 Rab8 26. Rfe1 Nc7 27. Rxe8+ Nxe8 28. b3 1/2-1/2

[Event "GRE-ch U12"]
[Site "Achaia"]
[Date "2017.07.01"]
[Round "8"]
[White "Karampetsas, Ioannis"]
[Black "Simitzoglou, Panos"]
[Result "0-1"]
[WhiteElo "1297"]
[BlackElo "1445"]
[PlyCount "80"]
[EventDate "2017.06.26"]
[EventType "swiss"]
[EventRounds "9"]
[EventCountry "GRE"]
[SourceTitle "EXT 2018"]
[Source "ChessBase"]
[SourceDate "2017.10.13"]
[SourceVersion "1"]
[SourceVersionDate "2017.10.13"]
[SourceQuality "1"]

1. e4 c5 2. Nf3 Nc6 3. d4 cxd4 4. Nxd4 g6 5. c4 Bg7 6. Be3 Nf6 7. Nc3 d6 8. Be2 Bd7 9. 0-0 Nxd4 10. Bxd4 Bc6 11. f3 0-0 12. b4 b6 13. Qd2 Rc8 14. Rfd1 Ne8 15. Bxg7 Nxg7 16. Nd5 Ba4 17. Rdc1 Bc6 18. Rd1 Ba4 19. Rdc1 Bc6 20. Rd1 f5 21. Qg5 Bxd5 22. exd5 e5 23. Qxd8 Rfxd8 24. Bd3 e4 25. Be2 exf3 26. gxf3 Nh5 27. Rac1 Re8 28. Kf2 Re7 29. Bf1 Nf6 30. Re1 Kf7 31. Re3 Nxd5 32. Rxe7+ Nxe7 33. Ke3 Nd5+ 34. Kd4 Nxb4 35. a3 Na6 36. Kd5 Ke7 37. Re1+ Kd7 38. Rb1 Nc5 39. Re1 Nb3 40. Re2 Rc5# 0-1

[Event "GRE-ch U12"]
[Site "Achaia"]
[Date "2017.06.29"]
[Round "6"]
[White "Simitzoglou, Panos"]
[Black "Nikolakopoulos, Dimitrios"]
[Result "1/2-1/2"]
[WhiteElo "1445"]
[BlackElo "1280"]
[PlyCount "98"]
[EventDate "2017.06.26"]
[EventType "swiss"]
[EventRounds "9"]
[EventCountry "GRE"]
[SourceTitle "EXT 2018"]
[Source "ChessBase"]
[SourceDate "2017.10.13"]
[SourceVersion "1"]
[SourceVersionDate "2017.10.13"]
[SourceQuality "1"]

1. d4 Nf6 2. c4 g6 3. Nf3 Bg7 4. e3 d6 5. Be2 0-0 6. Nc3 Nbd7 7. b4 e5 8. Qc2 b6 9. a4 Bb7 10. Ba3 Re8 11. 0-0 Rc8 12. b5 exd4 13. exd4 a5 14. Nd2 Nf8 15. Nb3 Ne6 16. Rad1 Nf4 17. f3 N6h5 18. Bc1 Bh6 19. Bd3 Nxd3 20. Qxd3 Bxc1 21. Rxc1 Nf4 22. Qd2 Qg5 23. g3 Nh3+ 24. Kg2 Qxd2+ 25. Nxd2 Ng5 26. Rce1 Kf8 27. d5 h6 28. h4 Nh7 29. g4 Nf6 30. Kg3 Nd7 31. f4 Nc5 32. Nde4 Nd3 33. Re2 f5 34. gxf5 gxf5 35. Nd2 Rxe2 36. Nxe2 Re8 37. Kf3 Nc5 38. Nc3 Kf7 39. Rg1 Ne4 40. Ndxe4 fxe4+ 41. Nxe4 Bc8 42. Ng3 Rg8 43. Re1 Bg4+ 44. Kf2 Re8 45. h5 Rxe1 46. Kxe1 Kf6 47. Kd2 Bf3 48. Ke1 Bg4 49. Kd2 Bf3 1/2-1/2

[Event "GRE-ch U10"]
[Site "Rio Achaia"]
[Date "2015.06.27"]
[Round "3.9"]
[White "Simitzoglou, Panos"]
[Black "Kalogeris, Ioannis1"]
[Result "1-0"]
[WhiteElo "1350"]
[BlackElo "1079"]
[PlyCount "57"]
[EventDate "2015.06.26"]
[EventType "swiss"]
[EventRounds "9"]
[EventCountry "GRE"]
[SourceTitle "EXT 2024"]
[Source "ChessBase"]
[SourceDate "2023.10.10"]
[SourceVersion "1"]
[SourceVersionDate "2023.10.10"]
[SourceQuality "1"]

1. d4 d5 2. Bf4 Nf6 3. e3 e6 4. Nf3 Be7 5. Bd3 0-0 6. Nbd2 c5 7. c3 Nc6 8. Ne5 Bd6 9. Qf3 Qc7 10. Nxc6 Qxc6 11. Bg5 Be7 12. 0-0 Bd7 13. a4 cxd4 14. exd4 Qb6 15. a5 Qc6 16. Rfe1 h6 17. Bh4 a6 18. Re3 b5 19. Qe2 Qc7 20. Bg3 Qb7 21. Be5 Bc6 22. Bc2 b4 23. Rg3 Bb5 24. Qf3 Rac8 25. Bxf6 Bxf6 26. Qxf6 g6 27. Rh3 h5 28. Rxh5 gxh5 29. Qg5+ 1-0

[Event "GRE-ch U10"]
[Site "Rio Achaia"]
[Date "2015.06.26"]
[Round "1.4"]
[White "Malliarakis, Stylianos"]
[Black "Simitzoglou, Panos"]
[Result "1-0"]
[WhiteElo "1059"]
[BlackElo "1350"]
[PlyCount "69"]
[EventDate "2015.06.26"]
[EventType "swiss"]
[EventRounds "9"]
[EventCountry "GRE"]
[SourceTitle "EXT 2024"]
[Source "ChessBase"]
[SourceDate "2023.10.10"]
[SourceVersion "1"]
[SourceVersionDate "2023.10.10"]
[SourceQuality "1"]

1. d4 Nf6 2. Nf3 d5 3. e3 e6 4. Bd3 c5 5. c3 Nc6 6. 0-0 Be7 7. b3 0-0 8. Re1 Ne4 9. Bb2 f5 10. Nfd2 b6 11. f3 Nf6 12. Nf1 Bb7 13. Ng3 Qd6 14. Nd2 Rac8 15. e4 dxe4 16. fxe4 fxe4 17. Ndxe4 Nxe4 18. Nxe4 Qd7 19. dxc5 bxc5 20. Nf6+ gxf6 21. Bxh7+ Kxh7 22. Qxd7 Rb8 23. Qxe6 Rg8 24. Qf7+ Rg7 25. Qh5+ Kg8 26. c4 Rd8 27. g3 Nb4 28. Rxe7 Rxe7 29. Bxf6 Re6 30. Qg6+ Kf8 31. Qg7+ Ke8 32. Bxd8 Kxd8 33. Qxb7 Re7 34. Qb8+ Kd7 35. Qxa7+ 1-0

[Event "GRE-ch U10"]
[Site "Greece"]
[Date "2014.07.05"]
[Round "2"]
[White "Simitzoglou, Panos"]
[Black "Patrelakis, Evaggelos"]
[Result "1/2-1/2"]
[WhiteElo "1171"]
[BlackElo "1446"]
[PlyCount "105"]
[EventDate "2014.07.04"]
[EventType "swiss"]
[EventRounds "9"]
[EventCountry "GRE"]
[SourceTitle "EXT 2017"]
[Source "ChessBase"]
[SourceDate "2016.10.25"]
[SourceVersion "1"]
[SourceVersionDate "2016.10.25"]
[SourceQuality "1"]

1. d4 Nf6 2. c4 g6 3. Nc3 Bg7 4. e4 0-0 5. e5 Ne8 6. f4 d6 7. Nf3 dxe5 8. fxe5 Bg4 9. Be3 c5 10. Be2 Nc7 11. dxc5 Nc6 12. Bf4 Ne6 13. Bg3 Nxc5 14. 0-0 a5 15. Qd5 Qxd5 16. cxd5 Bxf3 17. dxc6 Bxc6 18. Bh4 Bxe5 19. Bxe7 Bd4+ 20. Kh1 Rfe8 21. Bxc5 Bxc5 22. Bc4 Re7 23. Nd5 Bxd5 24. Bxd5 Kg7 25. Rac1 Rc8 26. a3 Rec7 27. Rf3 Bxa3 28. Rxc7 Rxc7 29. Rxf7+ Rxf7 30. Bxf7 Bxb2 31. Bd5 b5 32. Kg1 Kf6 33. Kf1 Ke5 34. Bg8 h6 35. Ke2 a4 36. Kd2 b4 37. Kc2 Bd4 38. Bf7 g5 39. Be8 a3 40. Kb3 Bc5 41. Bh5 Kf4 42. h3 Bd4 43. Bf3 Kg3 44. Bd5 h5 45. Kxb4 Bb2 46. Kb3 Kf2 47. Ka2 Ke3 48. Bf3 g4 49. hxg4 h4 50. g5 h3 51. gxh3 Kxf3 52. g6 Kg3 53. g7 1/2-1/2